Score 0/14 Timer 02:00
0 Plays Today
Scrambled Center 6-Letter Word % Correct
GAGEjagged
89.3%
BLUMjumble
86.8%
WISEJewish
86.6%
PEASjasper
74.5%
AGROjargon
73.2%
NUKEjunket
69.2%
FUGUjugful
65.7%
Scrambled Center 6-Letter Word % Correct
TEALjetlag
64.6%
GIASjigsaw
64%
INTOjoints
62.1%
ALPOjalopy
58.9%
SATEjetsam
57.2%
AUDIJudaic
45.4%
MICAjicama
39.8%

You're not logged in!

Compare scores with friends on all Sporcle quizzes.
OR
Log In

Sporcle TV

Today on Sporcle TV


Watch our educational content, quiz creation guides, and fun videos on Sporcle TV.

Show Comments

Extras

Top Quizzes Today


Score Distribution

Paid Content

Your Account Isn't Verified!

In order to create a playlist on Sporcle, you need to verify the email address you used during registration. Go to your Sporcle Settings to finish the process.

Report this User

Report this user for behavior that violates our Community Guidelines.

Details: